Federalismo fiscal / Wallace E. Oates ; traducción: Pablo Pérez Jiménez Pablo Pérez Jiménez
ISBN:
84-7088-088-8
Descripción Física:
323 p. ; 22 cm
Colección:
Nuevo Urbanismo ; 25
Otros Autores:
Pérez Jiménez, Pablo, tr
Materias:
Relacions fiscals intergovernamentals
MARC
| LEADER | 00000nam a2200000Ia 4500 | ||
|---|---|---|---|
| 001 | 18758 | ||
| 008 | 160829s1977 xx 000 0 cat d | ||
| 020 | |a 84-7088-088-8 | ||
| 080 | |a M-5-385 | ||
| 100 | |a Oates, Wallace E. |9 44694 | ||
| 245 | |a Federalismo fiscal / Wallace E. Oates ; traducción: |b Pablo Pérez Jiménez | ||
| 260 | |a Madrid : |b Instituto de Estudios de Administración Local, |c 1977 | ||
| 300 | |a 323 p. ; |c 22 cm | ||
| 490 | |a Nuevo Urbanismo ; 25 | ||
| 590 | |a Títol original: Fiscal federalism | ||
| 650 | |a Relacions fiscals intergovernamentals |9 44695 | ||
| 700 | |a Pérez Jiménez, Pablo, tr. |9 44696 | ||
| 710 | 2 | |a Instituto de Estudios de Administración Local (Espanya) |9 54775 | |
| 901 | |a Arxiu | ||
| 942 | |n 1 | ||
| 952 | |0 0 |1 0 |4 0 |6 M5385 |7 1 |9 52117 |a Arxiu |b Arxiu |d 2016-12-01 |l 0 |o M-5-385 |p 18758 |r 2016-12-01 00:00:00 |w 2016-12-01 |y ARXIU | ||
| 999 | |c 55965 |d 55965 | ||